000 00792nas a2200253 i 4500
001 1242
003 ES-MaACL
005 20250718150758.0
007 t|
008 950801d19221983sp d| | 1 ||pa d
022 _a2487-7867
080 _a(054)
245 0 0 _aInformaciones
_b: diario independiente.
260 _aMadrid :
_bPrensa Castellana,
_c1922-1983.
300 _av ;
_c39 cm.
310 _aDiaria, excepto domingos
362 0 _aAño 1, n. 1 (24 en. 1922)-año 59, n. 18188 (11 dic. 1980); 2. época, año 59, n. 18189 (2 jun. 1982)-año 59, n. 18522 (30 jun. 1983)
500 _aDescripción basada en : n. 1-VII-74.
650 1 4 _aPeriódicos
_915941
852 _aES-MaACL
_jHEM-GF-55
866 0 _o(1974)1975-83
942 _2udc
_cPERIODICO
999 _c1242
_d1242